| 000 | 00482nam a22001817a 4500 | ||
|---|---|---|---|
| 003 | dpl | ||
| 005 | 20180803145044.0 | ||
| 008 | 180803b xxu||||| |||| 00| 0 eng d | ||
| 020 |
_a818597280 _c0.00 |
||
| 035 | _aA-742436 | ||
| 040 |
_aDPL _bEN _c0 |
||
| 082 | _a070 | ||
| 100 | _aMurthi,R.K. | ||
| 245 |
_aJournalism / _cby R.K.Murthi |
||
| 260 |
_aNew Delhi _bProp Reliance Publishing House _c1995 |
||
| 300 |
_aix,281p.; _c21cm |
||
| 942 |
_2ddc _cEN _h070 _mMUR |
||
| 999 |
_c155386 _d155386 |
||